Financial facilities for companies that do business abroad

Đã lưu trong:
Bibliografiske detaljer
Format: Bog
Sprog:Undetermined
Udgivet: New York Morgan Guaranty International Banking corporation 1964
Fag:
Tags: Tilføj Tag
Ingen Tags, Vær først til at tagge denne postø!
Thư viện lưu trữ: Trung tâm Học liệu Trường Đại học Cần Thơ
LEADER 00482nam a2200157Ia 4500
001 CTU_82276
008 210402s9999 xx 000 0 und d
082 |a 332.4 
082 |b F491 
245 0 |a Financial facilities for companies that do business abroad 
260 |a New York 
260 |b Morgan Guaranty International Banking corporation 
260 |c 1964 
650 |a International finance 
904 |i Trọng Hải 
980 |a Trung tâm Học liệu Trường Đại học Cần Thơ